000 00635nam a2200169Ia 4500
008 090711s9999 xx 000 0 und d
082 _b76930
100 _aजोशी ज. वा.
245 _aसाधना संहिता भावार्थ दर्शन
260 _bप्रियांक प्रकाशन
_c1995
300 _a430
600 _aजोशी ज. वा.
630 _aसाधना संहिता भावार्थ दर्शन
700 _aजोशी ज. वा.
730 _aसाधना संहिता भावार्थ दर्शन
942 _cBOOK
999 _c325936
_d325936